000
00316nam a2200133Ia 4500
008
240624s9999 xx 000 0 und d
041
_a
eng
082
_a
610 GAD
100
_a
GADRE ARUN
245
_a
DISSENTING DIAGNOSIS
260
_c
2016
_a
New Delhi
_b
Random House India
300
_a
208 : p.
365
_c
RS
_b
30
999
_c
27871
_d
27871